000 02850cam a22006014i 4500
003 PE-LiUPU
005 20250731184506.0
008 1995 pau eng
020 _a1563381567
035 _a(Sirsi) i9781563381560
035 _a(Sirsi) 20711
035 _a(Sirsi) 20711
082 0 4 _a939.23
_bE35
245 0 0 _aEphesos metropolis of Asi :
_ban interdisciplinary approach to its archaeology, religion, and culture /
_ceditado por Helmut Koester.
264 1 _aValley Forge Pennsylvania :
_bTrinity Press International,
_c1995.
300 _a357 páginas ;
_c22 centímetros.
336 _atext
_2rdacontent
337 _aunmediated
_2rdamedia
338 _avolume
_2rdacarrier
490 0 _aHarvard Theological Studies
504 _aIncluye bibliografía al pie de cada página
505 0 _aThe city of ephesos from the roman period to late antiquity -- Urban development and social change in inperial ephesos -- At home in the city of artemis -- Ephesos in early christian literature -- Via sacra ephesiaca -- The processional way in ephesos as a place of cult and burial -- Preliminary views of the ephesian harbor -- Subsidiary factories of italian sigillata potters -- The cult of the roman emperors in ephesos -- Sculptures of gods and heroes from ephesos -- Egyptian religions in ephesos -- The church of mary and the temple of hadrian olympios -- The council of ephesos
526 _aP136
526 _aP135
526 _aP134
526 _aP133
526 _aP144
526 _aP143
526 _aP87
526 _aP35
526 _aP20
526 _aP14
526 _aP10
526 _aP06
650 1 4 _aExcavaciones (Arqueología)
_zTurquía - Éfeso (Ciudad extinta)
_xCongresos
651 _aÉfeso (Ciudad extinta)
_xCivilization
_xCongresos
651 _aÉfeso (Ciudad extinta)
_xReligión
_xCongresos
651 _aRoma
_xReligión
_xCongresos
700 1 _aKoester, Helmut
_d1926-
_eed.
710 _aHarvard Divinity School
710 _aHarvard University. Department of the Classics
710 _aHarvard University. Department of Fine Arts
942 _2ddc
_cBOOK
949 _a939.23 E35
_i45230
_lPOSTGRADO
_mBUL
_tLIBRO
_o.STAFF. Posgrado
949 _a939.23 E35
_i43615
_lPOSTGRADO
_mBUL
_tLIBRO
_o.STAFF. Posgrado
859 _q45230
_h939.23
_iE35
859 _q43615
_h939.23
_iE35
910 _aaj-hd
596 _a1
999 _a939.23 E35
_wDEWEY
_c77
_i45230
_d77
_e2018-1-14
_f2021-11-11
_g5
_lCCODEBUL1
_mBUL
_n1
_p15.00
_q1
_r0
_sY
_tBOOK
_u2015-6-16
_xTEOLOGIA
_PP35
_0COMPRA
_o.STAFF. Colección Teología
999 _a939.23 E35
_wDEWEY
_c2
_i43615
_d2018-6-18
_f2021-11-11
_g5
_lCCODEBUL1
_mBUL
_q2
_r0
_sY
_tBOOK
_u2015-6-16
_xTEOLOGIA
_zUNKNOWN
_0COMPRA
_o.STAFF. Colección General
980 _81
_gALBERTO SANCHEZ Responsable de Automatización